| 000 | 00333 a2200133 4500 | ||
|---|---|---|---|
| 003 | OSt | ||
| 005 | 20180116182714.0 | ||
| 008 | 160816b xxu||||| |||| 00| 0 eng d | ||
| 040 | _c0 | ||
| 100 | _aBabeeha Hafeez | ||
| 245 | _aThe Changing Pakistan Society. | ||
| 260 |
_aRoyal Book Company _c1991 |
||
| 942 |
_aNBS _cBK _k954.91 SAB _2ddc |
||
| 999 |
_c344483 _d344483 |
||